| 000 | 00669nam a2200253 a 4500 | ||
|---|---|---|---|
| 003 | AR-BaBNM | ||
| 005 | 20251128202935.0 | ||
| 008 | 082120s2002 ||||||||||||||000 | spa|| | ||
| 040 | _cAR-BaBNM | ||
| 100 | 1 | _aBruézière, Maurice | |
| 245 | 0 | 0 |
_aLa France et ses écrivans _bcours de langue et de civilisation françaises 4to anée |
| 260 |
_aParis _bHachette _c1966 |
||
| 300 |
_a522 p. _bil. |
||
| 650 | 4 | _aENSEÑANZA DE IDIOMAS | |
| 650 | 4 | _aFRANCES | |
| 650 | 4 | _aPRONUNCIACION | |
| 650 | 4 | _aVOCABULARIO | |
| 650 | 4 | _aGRAMATICA | |
| 650 | 4 | _aBIOGRAFIAS | |
| 653 | _aEDUCACION SECUNDARIA | ||
| 700 | 1 | _aMauger, Gastón | |
| 942 | _cBK | ||
| 998 | _cCarmen | ||
| 999 |
_c1227 _d1227 |
||